书目信息 |
| 题名: |
色彩构成
|
|
| 作者: | 班石 著 | |
| 分册: | ||
| 出版信息: | 合肥 合肥工业大学出版社 2004 |
|
| 页数: | 79页 | |
| 开本: | 26cm | |
| 丛书名: | 现代设计艺术丛书 | |
| 单 册: | ||
| 中图分类: | J063 | |
| 科图分类: | ||
| 主题词: | 色彩学 | |
| 电子资源: | ||
| ISBN: | 7-81093-119-9 | |
| 000 | 00584nam2 2200217 45 | |
| 001 | 0503281464 | |
| 005 | 20050328150805.3 | |
| 010 | @a7-81093-119-9@dCNY39.00 | |
| 100 | @a20050328d2004 km y0chiy0120 ea | |
| 101 | 0 | @achi |
| 105 | @a z 000yy | |
| 200 | 1 | @a色彩构成@ASe Cai Gou Cheng@f班石著@FBan Shi Zhu |
| 210 | @a合肥@c合肥工业大学出版社@d2004 | |
| 215 | @a79页@d26cm | |
| 225 | @a现代设计艺术丛书@h3 | |
| 410 | @12001 @a现代设计艺术丛书 | |
| 606 | 0 | @a色彩学 |
| 690 | @aJ063@v4 | |
| 701 | 0 | @a班石@4著 |
| 801 | @aCN@bTSTCL@c20050328 | |
| 905 | @dJ063@e124@f5@b346274-278 | |
| 色彩构成/班石著.-合肥:合肥工业大学出版社,2004 |
| 79页;26cm.-(现代设计艺术丛书.3) |
| ISBN 7-81093-119-9:CNY39.00 |
| ● |
| 相关链接 |
|
|
|
|
正题名:色彩构成
索取号:J063/124
 
预约/预借
| 序号 | 登录号 | 条形码 | 馆藏地/架位号 | 状态 | 备注 |
| 1 | 0346274 | 203462742 | 第一样本阅览室/ [索取号:J063/124] | 在馆 | |
| 2 | 0346275 | 203462751 | 第一借阅区/ [索取号:J063/124] | 在馆 | |
| 3 | 0346276 | 203462760 | 第一借阅区/ [索取号:J063/124] | 在馆 | |
| 4 | 0346277 | 203462779 | 第一借阅区/ [索取号:J063/124] | 在馆 | |
| 5 | 0346278 | 203462788 | 第一借阅区/ [索取号:J063/124] | 在馆 |